Coupe d'Asie des nations 2019 - Statistiques

Statistiques générales
  • Ce quiz a été pris 50 fois
  • Le résultat moyen est 21 sur 24
Statistiques - réponses
Réponse % Correct
Arabie Saoudite
98%
Chine
98%
Corée du Sud
98%
Irak
98%
Iran
98%
Qatar
98%
Corée du Nord
96%
Japon
96%
Syrie
91%
Thaïlande
91%
Viêt Nam
91%
Inde
89%
Oman
89%
Yémen
87%
Australie
82%
Liban
80%
Philippines
80%
Emirats Arabes Unis
78%
Ouzbékistan
78%
Jordanie
76%
Turkménistan
76%
Bahreïn
73%
Kirghizistan
71%
Palestine
58%
Aucun quiz correspondant
Distribution des résultats
% des personnes avec chaque résultat
Percentile par nombre de réponses
Votre historique - résultats
Vous n’avez pas pris ce quiz